International economics : (Record no. 26974)
[ view plain ]
| 000 -LEADER | |
|---|---|
| fixed length control field | 01428cam a22003735a 4500 |
| 001 - CONTROL NUMBER | |
| control field | 018643441 |
| 003 - CONTROL NUMBER IDENTIFIER | |
| control field | Uk |
| 005 - DATE AND TIME OF LATEST TRANSACTION | |
| control field | 20181112152654.0 |
| 008 - FIXED-LENGTH DATA ELEMENTS--GENERAL INFORMATION | |
| fixed length control field | 171208s2018 enka frb 001 0 eng d |
| 015 ## - NATIONAL BIBLIOGRAPHY NUMBER | |
| National bibliography number | GBB8I3858 |
| Source | bnb |
| 020 ## - INTERNATIONAL STANDARD BOOK NUMBER | |
| International Standard Book Number | 9781292214870 |
| 020 ## - INTERNATIONAL STANDARD BOOK NUMBER | |
| International Standard Book Number | 1292214872 |
| 040 ## - CATALOGING SOURCE | |
| Original cataloging agency | N$T |
| Language of cataloging | eng |
| Transcribing agency | N$T |
| Modifying agency | Uk |
| -- | EG-ScBUE |
| 082 04 - DEWEY DECIMAL CLASSIFICATION NUMBER | |
| Classification number | 337 |
| Item number | KRU |
| Edition number | 22 |
| 100 1# - MAIN ENTRY--PERSONAL NAME | |
| Personal name | Krugman, Paul R. |
| 9 (RLIN) | 38892 |
| 245 10 - TITLE STATEMENT | |
| Title | International economics : |
| Remainder of title | theory & policy / |
| Statement of responsibility, etc | Paul R. Krugman, Maurice Obstfeld, Marc J. Melitz. |
| 246 3# - VARYING FORM OF TITLE | |
| Title proper/short title | International economics : |
| Remainder of title | theory and policy |
| 250 ## - EDITION STATEMENT | |
| Edition statement | 11th ed., Global ed. |
| 260 ## - PUBLICATION, DISTRIBUTION, ETC. (IMPRINT) | |
| Place of publication, distribution, etc | Harlow : |
| Name of publisher, distributor, etc | Pearson Education Limited, |
| Date of publication, distribution, etc | c.2018. |
| 300 ## - PHYSICAL DESCRIPTION | |
| Extent | 800 p. : |
| Other physical details | ill. (col.) ; |
| Dimensions | 28 cm. |
| 490 0# - Series Statement | |
| Series statement | Pearson series in economics |
| 500 ## - GENERAL NOTE | |
| General note | Revised edition of the authors' International economics, [2015]. |
| 500 ## - GENERAL NOTE | |
| General note | Includes bibliographical references and index. |
| 520 ## - SUMMARY, ETC. | |
| Summary, etc | Krugman and Obstfeld provide a unified model of open-economy macroeconomics based upon an asset-market approach to exchange rate determination with a central role for expectations.<br/> |
| 650 #7 - SUBJECT ADDED ENTRY--TOPICAL TERM | |
| Topical term or geographic name as entry element | International economic relations. |
| Source of heading or term | BUEsh |
| 650 #7 - SUBJECT ADDED ENTRY--TOPICAL TERM | |
| Topical term or geographic name as entry element | International finance. |
| Source of heading or term | BUEsh |
| 651 ## - SUBJECT ADDED ENTRY--GEOGRAPHIC NAME | |
| Source of heading or term | BUEsh |
| 653 ## - INDEX TERM--UNCONTROLLED | |
| Resource For college | BAEPS, Economics |
| Arrived date list | November2018 |
| 655 ## - INDEX TERM--GENRE/FORM | |
| Form subdivision | Text book |
| 690 7# - LOCAL SUBJECT ADDED ENTRY--TOPICAL TERM (OCLC, RLIN) | |
| Topical term or geographic name as entry element | Management and Business Studies |
| Source of heading or term | blcoll |
| 700 1# - ADDED ENTRY--PERSONAL NAME | |
| Personal name | Obstfeld, Maurice. |
| 9 (RLIN) | 29451 |
| 700 1# - ADDED ENTRY--PERSONAL NAME | |
| Personal name | Melitz, Marc J. |
| 9 (RLIN) | 29452 |
| 942 ## - ADDED ENTRY ELEMENTS (KOHA) | |
| Source of classification or shelving scheme | Dewey Decimal Classification |
| Withdrawn status | Item status | Source of classification or shelving scheme | Damaged status | Not for loan | Vendor | Home library | Current library | Shelving location | Date acquired | Source of acquisition | Cost, normal purchase price | Total Checkouts | Full call number | Barcode | Date last seen | Koha item type | Total Renewals | Date last borrowed |
|---|---|---|---|---|---|---|---|---|---|---|---|---|---|---|---|---|---|---|
| Dewey Decimal Classification | Baccah | Central Library | Central Library | First floor | 12/11/2018 | Purchase | 550.00 | 337 KRU | 000043868 | 15/07/2025 | NB - Book (Non borrowing) | |||||||
| Dewey Decimal Classification | Baccah | Central Library | Central Library | First floor | 12/11/2018 | Purchase | 337 KRU | 000043869 | 24/08/2022 | NB - Book (Non borrowing) | ||||||||
| Dewey Decimal Classification | Baccah | Central Library | Central Library | First floor | 12/11/2018 | Purchase | 550.00 | 1 | 337 KRU | 000043870 | 15/07/2025 | Book - Borrowing | 11 | 10/10/2021 | ||||
| Dewey Decimal Classification | Baccah | Central Library | Central Library | First floor | 12/11/2018 | Purchase | 1 | 337 KRU | 000043871 | 15/07/2025 | Book - Borrowing | 3 | 12/01/2022 | |||||
| Dewey Decimal Classification | Baccah | Central Library | Central Library | First floor | 12/11/2018 | Purchase | 550.00 | 3 | 337 KRU | 000043872 | 15/07/2025 | Book - Borrowing | 11 | 04/01/2022 |